<?xml version="1.0" encoding="UTF-8"?>
<record
    xmlns:xsi="http://www.w3.org/2001/XMLSchema-instance"
    xsi:schemaLocation="http://www.loc.gov/MARC21/slim http://www.loc.gov/standards/marcxml/schema/MARC21slim.xsd"
    xmlns="http://www.loc.gov/MARC21/slim">

  <leader>00513nam a22001691i 4500</leader>
  <controlfield tag="001">14924</controlfield>
  <datafield tag="090" ind1=" " ind2=" ">
    <subfield code="a">14924</subfield>
  </datafield>
  <datafield tag="100" ind1=" " ind2=" ">
    <subfield code="a">20170304u        u  u0frey50      ba</subfield>
  </datafield>
  <datafield tag="101" ind1="0" ind2=" ">
    <subfield code="a">por</subfield>
  </datafield>
  <datafield tag="200" ind1="1" ind2=" ">
    <subfield code="f">M. R. Kopmeyer</subfield>
    <subfield code="a">O Poder do Pensamento Positivo</subfield>
  </datafield>
  <datafield tag="215" ind1=" " ind2=" ">
    <subfield code="a">391p</subfield>
    <subfield code="d">21cm</subfield>
  </datafield>
  <datafield tag="300" ind1=" " ind2=" ">
    <subfield code="a">Oferta de Margarida Rocha</subfield>
  </datafield>
  <datafield tag="700" ind1=" " ind2="1">
    <subfield code="a">Kopmeyer</subfield>
    <subfield code="b">M. R.</subfield>
    <subfield code="4">070</subfield>
  </datafield>
  <datafield tag="702" ind1=" " ind2="1">
    <subfield code="a">Teixeira</subfield>
    <subfield code="b">Teresa</subfield>
    <subfield code="4">730</subfield>
  </datafield>
  <datafield tag="210" ind1=" " ind2=" ">
    <subfield code="c">Brasilia</subfield>
    <subfield code="a">Porto</subfield>
    <subfield code="d">1986</subfield>
  </datafield>
  <datafield tag="996" ind1=" " ind2=" ">
    <subfield code="f">0018055</subfield>
    <subfield code="k">KOP</subfield>
    <subfield code="m">00000000</subfield>
    <subfield code="n">00000000</subfield>
    <subfield code="a">BMVA</subfield>
    <subfield code="b">1</subfield>
    <subfield code="v">Viana do Alentejo</subfield>
    <subfield code="x">Psicologia</subfield>
    <subfield code="y">25</subfield>
    <subfield code="e">Livro</subfield>
    <subfield code="1">0</subfield>
    <subfield code="3">1</subfield>
  </datafield>
  <datafield tag="990" ind1=" " ind2=" ">
    <subfield code="c">LIVROS</subfield>
  </datafield>
  <datafield tag="995" ind1=" " ind2=" ">
    <subfield code="0">0</subfield>
    <subfield code="1">0</subfield>
    <subfield code="9">20805</subfield>
    <subfield code="b">BMVA</subfield>
    <subfield code="d">BMVA</subfield>
    <subfield code="e">Psicologia</subfield>
    <subfield code="f">0019222</subfield>
    <subfield code="k">KOP</subfield>
    <subfield code="m">2021-04-16</subfield>
    <subfield code="o">0</subfield>
    <subfield code="r">LIVROS</subfield>
    <subfield code="a">BMVA</subfield>
    <subfield code="c">BMVA</subfield>
    <subfield code="q">25</subfield>
  </datafield>
</record>
